00730nam a22002297a 4500003000400000005001700004008004100021010002300062020002400085035002300109037001600132040001500148082001600163245007100179260003700250270005600287300002200343500004000365650003100405650004900436700001500485dpl20180630154317.0180522b xxu||||| |||| 00| 0 eng d aB-217624, B-217629 c1100.00a8188583782 aB-217624, B-217626 bCen Lib/Ret aDPLbENc0 a954.11bBEA aThe beautiful India :cedited by S. A. RahmanbJammu and Kashmir / aNew DelhibReference Pressc2005 bNew Delhia4831/24, Ansari Road, Darya Ganje110002 ax,494p.c22cm(Hb) aIncludes bibliographical references aIndia -- Jammu and Kashmir aLanguage and literature of Jammu and Kashmir aS.A.Rahman